Name the Month by US Holiday Quiz Stats

 Plays Quiz Updated Nov 16, 2017

Challenge
Share
Tweet
Embed
Score 0/20 Timer 01:30
4 Plays Today
Holiday Month % Correct
______ Fool's Day April
77.7%
HalloweenOctober
76.8%
ChristmasDecember
76.8%
ThanksgivingNovember
76%
New Year's DayJanuary
76%
St. Patrick's DayMarch
74.4%
Valentine's DayFebruary
74.1%
Independence DayJuly
73.6%
Mother's DayMay
73.1%
Father's DayJune
71.5%
Holiday Month % Correct
Leap DayFebruary
67.5%
Inauguration DayJanuary
67.4%
Labor DaySeptember
66%
Memorial DayMay
63.1%
Martin Luther King Jr. DayJanuary
61.4%
Earth DayApril
58.8%
President's DayFebruary
55.6%
Columbus DayOctober
51.1%
Veterans DayNovember
50.8%
Flag DayJune
45.5%

You're not logged in!

Compare scores with friends on all Sporcle quizzes.
OR
Log In

You Might Also Like...

Show Comments

Extras

Top Quizzes Today


Score Distribution

Your Account Isn't Verified!

In order to create a playlist on Sporcle, you need to verify the email address you used during registration. Go to your Sporcle Settings to finish the process.

Report this User

Report this user for behavior that violates our Community Guidelines.

Details: